Grounds for optimism / (Record no. 50948)
[ view plain ]
| 000 -LEADER | |
|---|---|
| fixed length control field | 01077nam a2200349 a 4500 |
| 001 - CONTROL NUMBER | |
| control field | 50948 |
| 003 - CONTROL NUMBER IDENTIFIER | |
| rucl marc code | BD-RjUL |
| 005 - DATE AND TIME OF LATEST TRANSACTION | |
| control field | 20211209075605.0 |
| 008 - FIXED-LENGTH DATA ELEMENTS--GENERAL INFORMATION | |
| fixed length control field | 160816s1974 rura 000 0 eng |
| 020 ## - INTERNATIONAL STANDARD BOOK NUMBER | |
| International Standard Book Number | 1.21rub |
| 035 ## - SYSTEM CONTROL NUMBER | |
| System control number | (OCoLC)2164683 |
| System control number | (OCoLC)ocm02164683 |
| System control number | (CStRLIN)NYCG23662824-B |
| System control number | (BD-RjUL)51068 |
| System control number | (NNC)44891 |
| 040 ## - CATALOGING SOURCE | |
| Modifying agency | NNC |
| Original cataloging agency | BD-RjUL |
| Language of cataloging | eng |
| Transcribing agency | BD-RjUL |
| 041 1# - LANGUAGE CODE | |
| Language code of text/sound track or separate title | eng |
| Language code of original | rus |
| 082 ## - DEWEY DECIMAL CLASSIFICATION NUMBER | |
| Classification number | 301.24 |
| Edition number | 23 |
| Author mark and year | BOG 1974 |
| 090 ## - LOCALLY ASSIGNED LC-TYPE CALL NUMBER (OCLC); LOCAL CALL NUMBER (OCLC) | |
| Classification number (OCLC) (R) ; Classification number, CALL (RLIN) (NR) | CB478 |
| Local cutter number (OCLC) ; Book number/undivided call number, CALL (RLIN) | .B5813 |
| 100 1# - MAIN ENTRY--PERSONAL NAME | |
| Personal name | Bobrov, L. V. |
| Fuller form of name | (Lev Viktorovich), |
| Dates associated with a name | 1935- |
| 9 (RLIN) | 152481 |
| 245 10 - TITLE STATEMENT | |
| Title | Grounds for optimism / |
| Statement of responsibility, etc. | Leo Bobrov ; translated from the Russian by H. Campbell Creighton. |
| 260 ## - PUBLICATION, DISTRIBUTION, ETC. (IMPRINT) | |
| Place of publication, distribution, etc. | Moscow : |
| Name of publisher, distributor, etc. | Mir, |
| Date of publication, distribution, etc. | 1974. |
| 300 ## - PHYSICAL DESCRIPTION | |
| Pagination | 277 p. : |
| Illustrations | ill. ; |
| Size | 17 cm. |
| 500 ## - GENERAL NOTE | |
| General note | Translation of Fundament optimizma. |
| General note | Issued with various printing dates. |
| 650 #0 - SUBJECT ADDED ENTRY--TOPICAL TERM | |
| Topical term or geographic name as entry element | Technology and civilization. |
| 9 (RLIN) | 152482 |
| Topical term or geographic name as entry element | Social history |
| Chronological subdivision | 1945- |
| 9 (RLIN) | 152483 |
| Topical term or geographic name as entry element | Progress. |
| 9 (RLIN) | 122223 |
| 942 ## - ADDED ENTRY ELEMENTS (KOHA) | |
| Source of classification or shelving scheme | Dewey Decimal Classification |
| Koha item type | Books |
| Lost status | Source of classification or shelving scheme | Damaged status | Not for loan | Collection code | Permanent Location | Current Location | Shelving location | Date acquired | Source of acquisition | Total Checkouts | Full call number | Date last seen | Copy number | Koha item type |
|---|---|---|---|---|---|---|---|---|---|---|---|---|---|---|
| Dewey Decimal Classification | Non-fiction | Central Library, University of Rajshahi | Central Library, University of Rajshahi | 25/10/1990 | Shafont Osman | 301.24 BOG 1974 | 29/08/2016 | C-2 | Books |